000
00341nam a2200133Ia 4500
008
240521s1999 xx 000 0 und d
020
_a
81-239-0298-0
041
_a
eng
082
_a
910.2
100
_a
LITTLEWOOD M.
245
_a
LANDSCAPE DETAILING VOLL- I ENCLOSURE IIIRD EDTION.
260
_b
C.B.S PUBLISHERS
_c
1999
300
_a
193
999
_c
1157870
_d
1157870